000 00563nam a2200193Ia 4500
005 20250508152528.0
008 008 250505s9999 xx 000 0 eng d
037 _aTextual
040 _aFEDL
_beng
_cFEDL
041 _aeng
_2eng
084 _a330.54, TRI
_qFEDL
100 _aTripathy Ram Niranjan
245 0 _aFiscal policy and economic development in India
260 _aCalcutta, India
_bThe World Press Private Limited
_c1958
300 _axi318p.
650 _aEconomics
942 _cTEXL
_h330.54, TRI
999 _c1337032
_d1337032